| 000 | 00983cac a2200289 4500 | ||
|---|---|---|---|
| 005 | 20150817124432.0 | ||
| 008 | 040109 t 1968mx 000 0 spa u | ||
| 050 | 0 | 4 |
_aBX1426 .2 _bI35 1968 |
| 245 | 0 | 3 |
_aLa iglesia : _bel subdesarrollo y la revolución / _cBernardo Castro Villagrana ... [ et al.]. |
| 250 | _a1a ed. | ||
| 260 |
_aMéxico : _bNuestro tiempo, _c1968 |
||
| 300 |
_a247 p. ; _c21 cm. |
||
| 490 | _aLatinoamérica hoy | ||
| 504 | _aIncluye bibliografía | ||
| 650 | 1 | 7 |
_2LEMB _aIglesia _zHispanoamérica |
| 700 | 1 |
_aCastro Villagrana, Bernardo, _ecoaut. |
|
| 700 | 1 |
_aLabastida, Horacio, _ecoaut. |
|
| 700 | 1 |
_aGarcía, J. Jesús, _ecoaut. |
|
| 700 | 1 |
_aRondero, Javier, _ecoaut. |
|
| 700 | 1 |
_aFlores Olea, Víctor, _ecoaut. |
|
| 700 | 1 |
_aLenkersdorf, Karl, _ecoaut. |
|
| 700 | 1 |
_aLage Pessoa, Francisco, _ecoaut. |
|
| 700 | 1 |
_aAllaz, Tomás G. _ecoaut. |
|
| 700 | 1 |
_aCondal, Elías, _ecoaut. |
|
| 700 | 1 |
_aMéndez Arceo, Sergio, _ecoaut. |
|
| 942 |
_2lcc _cLIB |
||
| 999 |
_c61467 _d61467 |
||